000 00834nam a2200241 a 4500
001 67006
003 BD-RjUL
005 20211209081615.0
008 730220s1963 maua b 001 0 eng
035 _a(BD-RjUL)67137
040 _aDLC
_cDLC
_dICU
_dDLC
_dBD-RjUL
_beng
041 _aeng
082 0 0 _223
_a005.131
_bARI 1963
100 1 _aArden, Bruce W.
_9198420
245 1 4 _aAn introduction to digital computing /
_cBruce W. Arden
260 _aReading, Mass. :
_bAddison-Wesley Pub. Co.
_c[1963]
300 _a389 p. :
_bill. ;
_c24 cm.
504 _aIncludes bibliography and index
650 0 _aComputer programming
_9198422
830 _aAddison-Wesley series in computer science and information processing
_9199975
942 _2ddc
_cBK
999 _c67006
_d67006